Statistics for History Picture Puzzle Game #2

Click here to take the quiz!

General Stats

  • This quiz has been taken 1,687 times
  • The average score is 9 of 17

Answer Stats

HintAnswer% Correct
HTML tutorial US president with nickname "Abe"Abraham Lincoln
95%
HTML tutorial Color of communist revolutionRed
94%
HTML tutorial Capital city of East GermanyEast Berlin
83%
HTML tutorial Romulus and _____Remus
83%
HTML tutorial Birthplace of MuhammadMecca
79%
Taj Mahal
75%
HTML tutorial Siddhārtha Gautama or ______Buddha
68%
HTML tutorial Emperor of Japan during World War IIHirohito
68%
HTML tutorial Last capital of Ottoman EmpireIstanbul
63%
HTML tutorial Former country whose name means Land of South SlavsYugoslavia
63%
HTML tutorial An intergovernmental organisation of 53 member states that were mostly territories of the former British EmpireBritish Commonwealth
56%
HTML tutorial Dicatator of Chile between 1973 and 1990Augusto Pinochet
43%
HTML tutorial Leader of Mexican RevolutionEmiliano Zapata
18%
HTML tutorial Antient Egyptian god of writing and knowledgeThoth
13%
HTML tutorial The first dynasty of Roman EmpireJulio-Claudian
9%
HTML tutorial Independent state established in 1922 under the Anglo-Irish TreatyThe Irish Free State
9%
HTML tutorial The first prime minister of unified ItalyCamillo Cavour
7%

Score Distribution

Percentile by Number Answered

Percent of People with Each Score

Your Score History

You have not taken this quiz